Представление документа в формате RUSMARC

ПолеНазваниеЗначение
  Тип записи a
  Библиографический уровень a
001 Контрольный номер f344b68bbca94bb787d99cdffdc98277
005 Дата корректировки 20161201160031.7
100 Данные общей обработки __
a Данные общей обработки 20161201 ||| 0rusy0189 ca
101 Язык документа 0_
a Язык текста rus
102 Страна публикации __
a Страна публикации RU
200 Заглавие и сведения об ответственности 1_
a Заглавие Уроки новой экономической политики 20-х гг. ХХ в. для современного этапа государственно-правового развития России
f Первые сведения об ответственности А. Н. Борисова
g Последующие сведения об ответственности науч. рук. Попова А. В.
463 Уровень физической единицы _0
1 2000
a Молодежь и наука: развитие творческого потенциала
e Материалы Международ. студ. науч.-практ. конф. (19 апреля 2016 г.)
f коллектив авторов
b Текст
g АНОО ВО ЦС РФ РУК
v С. 87-90
1 2101
a М.
c Канцлер
d 2016
1 00178f8e0d634c24f0bb35b9e597570888a
610 Ключевые слова 0_
a Ключевые слова экономика
a Ключевые слова право
a Ключевые слова государственно-правовое развитие
700 Автор _1
a Фамилия Борисова
b Имя А. Н.
801 Источник записи _0
a Страна RU
b Организация РУК
c Дата составления 20161201
g Правила каталогизации PSBO
801 Источник записи _1
a Страна RU
b Организация РУК
c Дата составления 20161201
g Правила каталогизации PSBO
901 Тип документа __
t Тип документа a
w Контрольный № источника 78f8e0d634c24f0bb35b9e597570888a
937 Технологическая информация __
a Создатель записи (имя) Тубольцева
938 Служебная информация __
a Название организации Головной вуз